000 00619nam a22002057a 4500
003 UA-OsUOA
001 37658
007 ta
008 20070425b un ||||| |||| 00| 0 ukr d
090 _a94(477).152
_bП15
942 _cBR
040 _aUA-OsUOA
_bukr
_cUA-OsUOA
_dUA-OsUOA
245 _aПам'яткова книжка
_b20-літній ювілей
955 _a1
041 _aukr
080 _a94(477).152
260 _aФенікс
_bУкраїнський Конгресовий Комітет Америки
_c1982
650 7 _a9 Географія. Біографії. Історія
_2UDC
999 _c436184
_d436184